Betrayal at Pearl Harbor : how Churchill lured Roosevelt into World War II /

Bibliographic Details
Main Author: Rusbridger, James
Other Authors: Nave, Eric
Format: Book
Language:English
Published: New York : Summit Books, [1991]
Subjects:

MARC

Tag First Indicator Second Indicator Subfields
LEADER 00000cam a2200000 a 4500
001 in00001028708
005 20150928121700.0
008 910412s1991 nyuaf b 001 0 eng
010 |a  91000696  
020 |a 0671708058 
035 |a (OCoLC)23692496 
035 |9 AFG0793AM 
040 |a DLC  |c DLC  |d TXA  |d UtOrBLW 
043 |a n-us---  |a n-us-hi 
049 |a TXAS [mil] 
050 0 0 |a D767.92  |b .R87 1991 
082 0 0 |a 940.54/26  |2 20 
100 1 |a Rusbridger, James. 
245 1 0 |a Betrayal at Pearl Harbor :  |b how Churchill lured Roosevelt into World War II /  |c James Rusbridger and Eric Nave. 
264 1 |a New York :  |b Summit Books,  |c [1991] 
264 4 |c ©1991 
300 |a 302 pages, 16 unnumbered pages of plates :  |b illustrations ;  |c 25 cm. 
336 |a text  |b txt  |2 rdacontent 
337 |a unmediated  |b n  |2 rdamedia 
338 |a volume  |b nc  |2 rdacarrier 
504 |a Includes bibliographical references (pages [281]-284) and index. 
650 0 |a Pearl Harbor (Hawaii), Attack on, 1941. 
650 0 |a World War, 1939-1945  |z United States. 
650 0 |a World War, 1939-1945  |x Cryptography. 
600 1 0 |a Churchill, Winston,  |d 1874-1965. 
600 1 0 |a Roosevelt, Franklin D.  |q (Franklin Delano),  |d 1882-1945. 
651 0 |a United States  |x History  |y 1933-1945. 
700 1 |a Nave, Eric. 
999 |a MARS 
999 f f |s 7f083401-5da3-3c68-a4d3-a0eb25cab266  |i 6ccb8952-d7f2-3d26-90ae-a564db9d945d  |t 0 
952 f f |p noncirc  |a Texas A&M University  |b College Station  |c Cushing Memorial Library & Archives  |d Cushing: Ragan Military (Does not check out)  |t 0  |e D767.92 .R87 1991  |h Library of Congress classification  |i unmediated -- volume  |m A14852649004 
998 f f |a D767.92 .R87 1991  |t 0  |l Cushing: Ragan Military (Does not check out)